Στατιστική Επιχειρήσεων / Για τις Οικονομικές και Κοινωνικές Επιστημες (Record no. 2931)
[ view plain ]
| 000 -LEADER | |
|---|---|
| fixed length control field | 01863cam a22001934a 4500 |
| 005 - ΗΜΕΡΟΜΗΝΙΑ ΚΑΙ ΩΡΑ ΤΕΛΕΥΤΑΙΑΣ ΕΝΗΜΕΡΩΣΗΣ | |
| Πεδίο ελέγχου | 20250605164058.0 |
| 008 - FIXED-LENGTH DATA ELEMENTS--GENERAL INFORMATION | |
| Πεδίο ελέγχου σταθερού μήκους | 250528s ||||||||||||||||||||||||d |
| 035 ## - SYSTEM CONTROL NUMBER | |
| System control number | 17523 |
| 020 ## - ISBN | |
| ISBN | 9603511560 |
| 040 ## - ΠΗΓΗ ΚΑΤΑΛΟΓΟΓΡΑΦΗΣΗΣ | |
| Φορέας πρωτότυπης καταλογογράφησης | MC Athens Campus Library |
| Γλώσσα καταλογογράφησης | Ελληνικά, Μοντέρνα (1453-) |
| Modifying agency | MC Athens Campus Library |
| Κανόνες περιγραφικής καταλογογράφησης | AACR2 |
| 245 1# - ΤΙΤΛΟΣ ΚΑΙ ΔΗΛΩΣΗ ΥΠΕΥΘΥΝΟΤΗΤΑΣ | |
| Τίτλος | Στατιστική Επιχειρήσεων / Για τις Οικονομικές και Κοινωνικές Επιστημες |
| 260 ## - PUBLICATION, DISTRIBUTION, ETC. | |
| Name of publisher, distributor, etc. | Σταμούλης Α, |
| Date of publication, distribution, etc. | 1998 |
| 300 ## - PHYSICAL DESCRIPTION | |
| Extent | 680 |
| 520 ## - SUMMARY, ETC. | |
| Summary, etc. | Πρόλογος, Επισκόπηση της Στατιστικής (Overview of Statistics), Συλλογή και Παρουσίαση Στατιστικών Παρατηρήσεων (Selection and Presentation of Data), Σύνοψη Δεδομένων με τη Βοήθεια Περιγραφικών Μέτρων (Descriptive Statistics), Ροπές και Μέτρα Ασυμμετρίας - Κύρτωσης (Moments), Στοιχεία Θεωρίας Συνόλων (Sets), Συνδυασμοί - Μεταθέσεις - Διωνυμικό Θεώρημα (Combinations - Permutations - Binomial Theorem), Η Έννοια της Πιθανότητας, Βασικοί Ορισμοί και Συμπεράσματα (Basic Probability Concepts), Μονοδιάστατες Τυχαίες Μεταβλητές (Random Variables), Συνεχείς Τυχαίες Μεταβλητές (Some Probability Distributions of Continuous Random Variables), Δειγματικές Κατανομές (Sampling Distributions), Εκτιμητική (Statistical Inference), Έλεγχος Υποθέσεων (Hypothesis Testing), Απλή Γραμμική Παλινδρόμηση (Simple Linear Regression), Αριθμοδείκτες (Index Numbers), Βιβλιογραφία (Bibliography). |
| 700 1# - ΠΡΟΣΘΕΤΗ ΑΝΑΓΡΑΦΗ--ΦΥΣΙΚΟ ΠΡΟΣΩΠΟ | |
| Personal name | Φράγκος Χρήστος |
| 9 (RLIN) | 3667 |
| 942 ## - ADDED ENTRY ELEMENTS (KOHA) | |
| Koha item type | Books |
| Τύπος τεκμηρίου | Βιβλιοθήκη | Τρέχουσα τοποθεσία | Barcode | Αριθμός εισαγωγής | Ημερομηνία απόκτησης | Ταξιθετικό σύμβολο | Αριθμός αντιτύπου | Κατάσταση απόσυρσης | Κατάσταση χαμένου | Κατάσταση κατεστραμμένου | Μη δανεισμός | Σύνολο δανεισμών | Ημερομηνία τελευταίας εμφάνισης | Η τιμή ισχύει από |
|---|---|---|---|---|---|---|---|---|---|---|---|---|---|---|
| Books | MC Athens Campus Library | MC Athens Campus Library | 9780000029300 | 5810 | 05/06/2025 | 519.5 FRA | 2 | 05/06/2025 | 05/06/2025 |